Donkey and Monkey / (Record no. 48888)
[ view plain ]
| 000 -LEADER | |
|---|---|
| fixed length control field | 00806nam a22003137a 4500 |
| 003 - CONTROL NUMBER IDENTIFIER | |
| control field | OSt |
| 005 - DATE AND TIME OF LATEST TRANSACTION | |
| control field | 20140401084433.0 |
| 008 - FIXED-LENGTH DATA ELEMENTS--GENERAL INFORMATION | |
| fixed length control field | 140401b xxu||||| |||| 00| 0 eng d |
| 020 ## - INTERNATIONAL STANDARD BOOK NUMBER | |
| International Standard Book Number | 0590999303 |
| 050 ## - LIBRARY OF CONGRESS CALL NUMBER | |
| Classification number | LB 1049.9 |
| Item number | .Sh542s58 1997 |
| 100 ## - MAIN ENTRY--PERSONAL NAME | |
| Personal name | Shefelbine, John L. |
| 245 ## - TITLE STATEMENT | |
| Title | Donkey and Monkey / |
| Statement of responsibility, etc | John Shefelbine ; illustrated by Sheila Lucas. |
| 260 ## - PUBLICATION, DISTRIBUTION, ETC. (IMPRINT) | |
| Place of publication, distribution, etc | New York : |
| Name of publisher, distributor, etc | Scholastic, |
| Date of publication, distribution, etc | c1997. |
| 300 ## - PHYSICAL DESCRIPTION | |
| Extent | 16 p. : |
| Other physical details | col. ill. ; |
| Dimensions | 14 cm. |
| 440 ## - SERIES STATEMENT/ADDED ENTRY--TITLE | |
| Title | Scholastic phonics readers |
| Number of part/section of a work | #58 |
| 521 ## - TARGET AUDIENCE NOTE | |
| Target audience note | |
| 526 ## - STUDY PROGRAM INFORMATION NOTE | |
| Reading level | 200 |
| 650 ## - SUBJECT ADDED ENTRY--TOPICAL TERM | |
| Topical term or geographic name as entry element | Readers (Primary) |
| 650 ## - SUBJECT ADDED ENTRY--TOPICAL TERM | |
| Topical term or geographic name as entry element | Reading |
| Form subdivision | Phonetic method. |
| 942 ## - ADDED ENTRY ELEMENTS (KOHA) | |
| Source of classification or shelving scheme | Library of Congress Classification |
| Koha item type | Books |
| Withdrawn status | Lost status | Source of classification or shelving scheme | Damaged status | Home library | Current library | Shelving location | Date acquired | Sub Shelving location | Total Checkouts | Full call number | Barcode | Date last seen | Copy number | Price effective from | Koha item type |
|---|---|---|---|---|---|---|---|---|---|---|---|---|---|---|---|
| Library of Congress Classification | Munich Library | Munich Library | Scholastic Reading Center Section | 04/01/2014 | LB 1049.9 .Sh542s58 1997 | SC0389 | 04/01/2014 | 1 | 04/01/2014 | Books | |||||
| Library of Congress Classification | Munich Library | Munich Library | Scholastic Reading Center Section | 04/01/2014 | LB 1049.9 .Sh542s58 1997 | SC0390 | 04/01/2014 | 2 | 04/01/2014 | Books | |||||
| Library of Congress Classification | Munich Library | Munich Library | Scholastic Reading Center Section | 04/01/2014 | LB 1049.9 .Sh542s58 1997 | SC0391 | 04/01/2014 | 3 | 04/01/2014 | Books | |||||
| Library of Congress Classification | Munich Library | Munich Library | Scholastic Reading Center Section | 04/01/2014 | LB 1049.9 .Sh542s58 1997 | SC0392 | 04/01/2014 | 4 | 04/01/2014 | Books | |||||
| Library of Congress Classification | Munich Library | Munich Library | Scholastic Reading Center Section | 04/01/2014 | LB 1049.9 .Sh542s58 1997 | SC0533 | 04/01/2014 | 5 | 04/01/2014 | Books | |||||
| Library of Congress Classification | Munich Library | Munich Library | Scholastic Reading Center Section | 04/01/2014 | LB 1049.9 .Sh542s58 1997 | SC0534 | 04/01/2014 | 6 | 04/01/2014 | Books | |||||
| Library of Congress Classification | Munich Library | Munich Library | Scholastic Reading Center Section | 04/01/2014 | LB 1049.9 .Sh542s58 1997 | SC0535 | 04/01/2014 | 7 | 04/01/2014 | Books | |||||
| Library of Congress Classification | Munich Library | Munich Library | Scholastic Reading Center Section | 04/01/2014 | LB 1049.9 .Sh542s58 1997 | SC0536 | 04/01/2014 | 8 | 04/01/2014 | Books |